00510nam a2200169 i 450000100060000000300090000600500170001500700030003200800410003510000280007624500970010426000470020130000320024861000260028065000130030685200210031925502ES-MaACL20240611114120.0t|021226s1843 sp ||||1| spa d1 aArias de Miranda, Juan.10aApuntes históricos sobre la Cartuja de Miraflores de Burgos / cpor Juan Arias de Miranda. aBurgos : b[s.n., c1843] (fPascual Polo) a146 p., 1 lám. ; c21 cm.24aCartuja de Miraflores 4aCartujos aES-MaACLjG-9381